| 000 | 00616nam a2200205Ia 4500 | ||
|---|---|---|---|
| 005 | 20241129110240.0 | ||
| 008 | 241129s9999||||xx |||||||||||||| ||und|| | ||
| 037 | _aTB | ||
| 040 |
_aARTS _beng _cARTS |
||
| 041 |
_aeng _2urd |
||
| 084 |
_aO168,3N12:g P0 _qARTS |
||
| 100 |
_aShakeelurrehman Au. _9190085 |
||
| 245 | 0 |
_aManto shanasi: Sadat Hussan Manto ke afsanon par guftgu _cShakeelurrehman Au. |
|
| 260 |
_aHaryana, India _bHaryana Urfi publications _c2005 |
||
| 300 | _a147p. | ||
| 365 |
_aINR _b250 |
||
| 650 |
_aUrdu Fiction _93298 |
||
| 942 |
_cTB _hO168,3N12:g P0 |
||
| 999 |
_c1227880 _d1227880 |
||